Tuyển tập văn học

保存先:
書誌詳細
第一著者: Hoàng Trinh
フォーマット: 図書
言語:Undetermined
出版事項: Hà Nội Hội Nhà Văn 1998
主題:
タグ: タグ追加
タグなし, このレコードへの初めてのタグを付けませんか!
Thư viện lưu trữ: Trung tâm Học liệu Trường Đại học Cần Thơ
LEADER 00553nam a2200205Ia 4500
001 CTU_27480
008 210402s9999 xx 000 0 und d
020 |c 50000 
082 |a 801 
082 |b H407 
100 |a Hoàng Trinh 
245 0 |a Tuyển tập văn học 
245 0 |c Hoàng Trinh 
260 |a Hà Nội 
260 |b Hội Nhà Văn 
260 |c 1998 
650 |a Literature 
650 |x History and criticism,philosophy 
904 |i Q. Hiếu (sửa) 
980 |a Trung tâm Học liệu Trường Đại học Cần Thơ